The Downward Spiral Songs - Statistics

General Stats
  • This quiz has been taken 8 times
  • The average score is 12 of 14
Answer Stats
Answer % Correct
A Warm Place
100%
Hurt
100%
March of the Pigs
100%
Mr Self Destruct
100%
Piggy
100%
Big Man With a Gun
86%
Closer
86%
Heresy
86%
Reptile
86%
Ruiner
86%
The Downward Spiral
86%
Eraser
71%
I Do Not Want This
71%
The Becoming
71%
No matching quizzes found
Score Distribution
Percent of People with Each Score
Percentile by Number Answered
Your Score History
You have not taken this quiz